[Event "Nichelino op 8th"]
[Site "Nichelino"]
[Date "2007.10.06"]
[Round "4"]
[White "Demagistri, Gigi"]
[Black "Martin, Tiziano"]
[Result "1/2-1/2"]
[WhiteElo "1662"]
[BlackElo "2019"]
[PlyCount "58"]
[EventDate "2007.10.04"]
[EventType "swiss"]
[EventRounds "6"]
[EventCountry "ITA"]
[SourceTitle "EXT 2010"]
[Source "ChessBase"]
[SourceDate "2010.11.25"]
[SourceVersion "1"]
[SourceVersionDate "2010.11.25"]
[SourceQuality "1"]

1. d4 d6 2. e4 e5 3. dxe5 dxe5 4. Qxd8+ Kxd8 5. Nf3 f6 6. Bc4 c6 7. Be3 Nd7 8. 0-0 Bc5 9. Bxc5 Nxc5 10. Nc3 b5 11. Rad1+ Kc7 12. Bd3 b4 13. Ne2 Be6 14. b3 Nh6 15. Ng3 g6 16. Nd2 Nxd3 17. cxd3 Rhd8 18. Nc4 a5 19. Nb2 c5 20. Rc1 Kd6 21. Rc2 Ra6 22. Rfc1 Rc8 23. Ne2 Rac6 24. h3 Nf7 25. f4 Nd8 26. g4 Nb7 27. f5 Bf7 28. Kf2 Nd8 29. Ke3 Nb7 1/2-1/2